| Tag |
First Indicator |
Second Indicator |
Subfields |
| LEADER |
00000cam a2200000 4500 |
| 001 |
in00000763527 |
| 005 |
20151016171157.0 |
| 008 |
740129r1974 nyu 00000 eng |
| 010 |
|
|
|a 73019127
|
| 020 |
|
|
|a 0405058527
|
| 035 |
|
|
|a (OCoLC)00804995
|
| 035 |
|
|
|9 ADJ8670AM
|
| 040 |
|
|
|a DLC
|c DLC
|d UtOrBLW
|
| 043 |
|
|
|a n-us---
|
| 049 |
|
|
|a TXAM
|c [1184471]
|
| 050 |
0 |
0 |
|a JK1997
|b .B52 1974
|
| 082 |
0 |
|
|a 329/.025/0973
|
| 100 |
1 |
|
|a Belmont, Perry,
|d 1850-1947.
|
| 240 |
1 |
0 |
|a Abolition of the secrecy of party funds
|
| 245 |
1 |
0 |
|a Return to secret party funds.
|
| 264 |
|
1 |
|a New York :
|b Arno Press,
|c 1974
|
| 264 |
|
4 |
|c [©1927]
|
| 300 |
|
|
|a xlv, 211 pages ;
|c 21 cm.
|
| 336 |
|
|
|a text
|b txt
|2 rdacontent
|
| 337 |
|
|
|a unmediated
|b n
|2 rdamedia
|
| 338 |
|
|
|a volume
|b nc
|2 rdacarrier
|
| 490 |
1 |
|
|a Politics and people: the ordeal of self-government in America
|
| 500 |
|
|
|a Reprint of the edition published by Putnam, New York.
|
| 500 |
|
|
|a First published in 1912 under title: The abolition of the secrecy of party funds.
|
| 650 |
|
0 |
|a Campaign funds
|z United States.
|
| 610 |
1 |
0 |
|a United States.
|b Congress.
|b Senate.
|b Special Committee Investigating Expenditures in Senatorial Primary and General Elections.
|
| 830 |
|
0 |
|a Politics and people: the ordeal of self-government in America.
|
| 999 |
|
|
|a MARS
|
| 999 |
f |
f |
|s 59ac034e-e0b3-3e6c-923d-224dbb63cd62
|i a4a9e13e-126e-3fa6-a4a4-40fc2cd2c99b
|t 0
|
| 952 |
f |
f |
|p ric
|a Texas A&M University
|b Rellis Campus
|c Joint Library Facility
|d Remote Storage
|t 0
|e JK1997 .B52 1974
|h Library of Congress classification
|i unmediated -- volume
|m A14811267036
|
| 998 |
f |
f |
|a JK1997 .B52 1974
|t 0
|l Remote Storage
|